000 00253nam a22001217a 4500
008 170803b xxu||||| |||| 00| 0 eng d
041 _aeng
080 _a004
100 _a32
101 _aSHK
245 _aADOBE INDESIGN 1.5
_cADOBE
942 _2udc
_cBK
999 _c22615
_d22615